LEADER 02810nam 22006015 450 001 9911015683303321 005 20250716130255.0 010 $a3-031-81842-3 024 7 $a10.1007/978-3-031-81842-4 035 $a(MiAaPQ)EBC32212916 035 $a(Au-PeEL)EBL32212916 035 $a(CKB)39658921600041 035 $a(DE-He213)978-3-031-81842-4 035 $a(EXLCZ)9939658921600041 100 $a20250716d2025 u| 0 101 0 $aeng 135 $aurcnu|||||||| 181 $ctxt$2rdacontent 182 $cc$2rdamedia 183 $acr$2rdacarrier 200 10$aCarotid Artery Disease: Surgical Perspectives /$fedited by Djordje Radak, Stevo Duvnjak 205 $a1st ed. 2025. 210 1$aCham :$cSpringer Nature Switzerland :$cImprint: Springer,$d2025. 215 $a1 online resource (174 pages) 311 08$a3-031-81841-5 327 $aIntroduction -- Relevant historical facts -- Epidemiology and pathophysiology of carotid artery diseases -- Diagnosis of carotid artery diseases -- Contemporary medical treatment -- Contemporary surgical treatment -- Future development. 330 $aThis book aims to offer a concise and up-to-date overview of carotid artery diseases and their treatments. Authored by experienced professionals, it caters to a range of specialists in Vascular Surgery, Interventional Radiology, Neurology, and general medicine, providing a comprehensive understanding of carotid artery conditions and available treatment modalities. With a practical approach and clear language, its primary objective is to serve as a quick and useful resource for young doctors interested in this field. Notably, the inclusion of high-quality images and the correlation of imaging findings with operative outcomes enhance its value. By combining theoretical knowledge with practical applications, this book equips readers with the necessary tools to navigate the complexities of carotid artery diseases effectively. 606 $aBlood-vessels$xSurgery 606 $aInterventional radiology 606 $aNeurology 606 $aInternal medicine 606 $aVascular Surgery 606 $aInterventional Radiology 606 $aNeurology 606 $aInternal Medicine 615 0$aBlood-vessels$xSurgery. 615 0$aInterventional radiology. 615 0$aNeurology. 615 0$aInternal medicine. 615 14$aVascular Surgery. 615 24$aInterventional Radiology. 615 24$aNeurology. 615 24$aInternal Medicine. 676 $a617.413 700 $aRadak$b Djordje$01833741 701 $aDuvnjak$b Stevo$0879315 801 0$bMiAaPQ 801 1$bMiAaPQ 801 2$bMiAaPQ 906 $aBOOK 912 $a9911015683303321 996 $aCarotid Artery Disease: Surgical Perspectives$94412724 997 $aUNINA